00349pab a2200121 454500008004000000100002100040245008700061260000900148300001300157362000800170650001400178773003500192180718b1996 xxu||||| |||| 00| 0 eng d aHanda, Sudhanshu aThe determinants of teenage schooling in Jamaica: rich vs. poor, females vs. males c1996 ap.554-80 aApr aEducation aJournal of Development Studies